| 000 | 00564nam a22001817a 4500 | ||
|---|---|---|---|
| 005 | 20170517120821.0 | ||
| 010 | _aENG-118201 | ||
| 020 |
_a9788126051458 _c180.00 |
||
| 035 | _aEN-101733 | ||
| 037 | _bDBAD/PUB | ||
| 082 | _aS | ||
| 100 | _aEnoch, Kolakaluri | ||
| 245 |
_aThe village well and other stories _bOorabavi, a collection of telugu short stories / _cby Kolakaluri Enoch |
||
| 260 |
_aNew Delhi _bSahitya Akademi _c2016 |
||
| 270 | _aRabindra Bhavan,35, Phirozeshah Road, New Delhi-110001 | ||
| 300 |
_a248p _c22cm.(pbk) |
||
| 942 |
_2ddc _cEN _hS _mENO |
||
| 999 |
_c140006 _d140006 |
||